000 01770cam a22003491i 4500
003 OSt
005 20250724062842.0
008 250724s2011 sy g 000 0 ara c
020 _z9789933418215
020 _z9789933418215
040 _aSA-DammamU
_erda
050 4 _bM63 2011
082 0 4 _a257.1
_qSA-RiAUC
090 _a257.1
_bا ب ن م
100 1 _aابن المبرد، يوسف بن حسن بن أحمد،
_d840-909 هجري
_eمؤلف.
245 1 0 _aإيضاح طرق الاستقامة في بيان أحكام الولاية والإمامة /
_cتأليف يوسف بن حسن بن عبد الهادي الحنبلي الشهير بابن المبرد ؛ تحقيق لجنة مختصة من المحققين بإشراف نور الدين طالب.
246 3 0 _aبيان أحكام الولاية والإمامة
250 _aالطبعة الأولى.
264 1 _aدمشق ؛
_aبيروت ؛
_aالكويت :
_bدار النوادر،
_c2011
300 _a384 صفحة ؛
_c24 سم.
336 _aنص
_btxt
_2rdacontent
_3كتاب
337 _aبدون وسيط
_bn
_2rdamedia
338 _aمجلد
_bnc
_2rdacarrier
490 0 _aمجموعة مؤلفات الإمام يوسف بن عبد الهادي الحنبلي ؛
_v5
650 7 _aالخلافة
_2aucsh
650 7 _aالإمامة (فقه إسلامي)
_2aucsh
650 7 _aنظم الحكم في الإسلام
_2aucsh
700 1 _aطالب، نور الدين
_eمشرف.
700 1 2 _iتحقيق لـ (عمل) :
_aابن المبرد، يوسف بن حسن بن أحمد،
_d840-909 هجري
_tإيضاح طرق الاستقامة في بيان أحكام الولاية والإمامة.
942 _2ddc
_cBOOK
_n0
949 _aSA-JeALM
_d250724
_umohamedma123
_n1
999 _c10253
_d10253